Traja mušketieri v Afrike

Podrobná bibliografia
Hlavný autor: Rejtő, Jenő, 1905-1943 (Autor)
Ďalší autori: Hajdúk, Peter, 1929- (Prekladateľ)
Médium: Kniha
Jazyk:slovenčina
maďarčina
Fyzický popis:47 s. 29 cm
Vydavateľské údaje: Bratislava Smena 1969
Edícia:Dobrodružný román
Predmet:

MARC

LEADER 00000cam a2200000 a 4500
001 vtls001224775
003 SK-MaSNL
005 20260302032014.0
008 251029s1969 xo j 000 f slo
015 |a SNBA1969 
035 |a SNK000171417 
035 |a urn:nbn:sk:snk-amkxi7 
035 |a urn:nbn:sk:snk-am00820m 
035 |a D8077209-56D6-4974-8FC6-B71FFC0A9202 
040 |a SNK  |b slo  |c SNK  |e AACR2 
041 1 |a slo  |h hun 
044 |a xo  |c SK 
080 |a 894.511-3 Rejtő, Jenő=854  |2 1981 
100 1 |a Rejtő, Jenő,  |d 1905-1943  |4 aut  |9 249835 
240 1 0 |a A három testőr Afrikában  |l Slovensky 
245 1 0 |a Traja mušketieri v Afrike  |c Rejtö Jenö ; [z maďarského originálu preložil Peter Hajdúk] 
260 |a Bratislava  |b Smena  |c 1969 
300 |a 47 s.  |c 29 cm 
490 1 |a Dobrodružný román  |v č. 158 
500 |a Náhrada za stratený dupl. 
650 0 7 |a maďarské romány  |2 SNKPH  |9 282203 
650 0 7 |a dobrodružné romány  |2 SNKPH  |9 281749 
700 1 |a Hajdúk, Peter,  |d 1929-  |4 trl  |9 40193 
830 0 |a Dobrodružný román  |9 680477 
852 |a Slovenská národná knižnica 
958 |a OND 
958 |a LX 
958 |a UP 
968 |b MAG 
999 |c 1054572  |d 1056502 
952 |a SNK  |b SNK  |y PREZ  |7 0  |p 17A0840550  |o snkSB 15350  |i snkKSP 6660/69  |0 0  |1 0  |4 0  |d 2012-07-23  |f 1  |l 0  |r 2025-03-14 00:00:00  |w 2026-02-24 
952 |t P60, <04>, [BOOK], {604}  |a SNK  |b SNK  |y VYP  |7 0  |p 17A0024292  |o snkSB 15350 D1  |i snkK 1514/96  |0 0  |1 0  |4 0  |d 1996-12-05  |l 0  |r 2005-01-01 00:00:00  |w 2026-02-24